[Event "Satka Autumn op (Women)"]
[Site "Satka"]
[Date "2021.09.07"]
[Round "8"]
[White "Protopopova, Anastasiya"]
[Black "Nechaeva, Marina"]
[Result "1/2-1/2"]
[WhiteElo "2299"]
[BlackElo "2418"]
[PlyCount "88"]
[EventDate "2021.08.31"]
[EventType "swiss"]
[EventRounds "9"]
[EventCountry "RUS"]
[SourceTitle "CBM 204 Extra"]
[Source "ChessBase"]
[SourceDate "2021.11.30"]
[SourceVersion "1"]
[SourceVersionDate "2021.11.30"]
[SourceQuality "1"]

1. d4 d5 2. c4 c6 3. Nf3 Nf6 4. Nc3 e6 5. Bg5 Nbd7 6. e3 Qa5 7. Nd2 Bb4 8. Qc2 0-0 9. Be2 c5 10. 0-0 cxd4 11. Nb3 Qb6 12. Bxf6 Nxf6 13. c5 d3 14. Bxd3 Qd8 15. a3 Bxc3 16. Qxc3 a5 17. Nd4 a4 18. Qb4 e5 19. Nb5 Bd7 20. Nd6 Qc7 21. Rfc1 Bc6 22. Qh4 e4 23. Be2 Ra5 24. Nf5 Nd7 25. Qg5 g6 26. Ne7+ Kg7 27. Nxd5 h6 28. Qf4 Qxf4 29. Nxf4 Nxc5 30. Bc4 b6 31. Ne2 Bb5 32. Nd4 Bxc4 33. Rxc4 Re8 34. Rac1 Raa8 35. R1c2 Red8 36. g4 Rd6 37. Kg2 Kf6 38. Kg3 h5 39. h3 hxg4 40. hxg4 Rh8 41. Nb5 Rd1 42. Rc1 Rxc1 43. Rxc1 Rd8 44. Nd4 Ke5 1/2-1/2

[Event "Satka Autumn op (Women)"]
[Site "Satka"]
[Date "2021.09.05"]
[Round "6"]
[White "Shafigullina, Zarina"]
[Black "Protopopova, Anastasiya"]
[Result "1-0"]
[WhiteElo "2245"]
[BlackElo "2299"]
[PlyCount "65"]
[EventDate "2021.08.31"]
[EventType "swiss"]
[EventRounds "9"]
[EventCountry "RUS"]
[SourceTitle "CBM 204 Extra"]
[Source "ChessBase"]
[SourceDate "2021.11.30"]
[SourceVersion "1"]
[SourceVersionDate "2021.11.30"]
[SourceQuality "1"]

1. d4 d5 2. Nf3 Nf6 3. Bf4 c5 4. e3 Nc6 5. Nbd2 Qb6 6. dxc5 Qxb2 7. Rb1 Qc3 8. Bb5 g6 9. e4 a6 10. Bxc6+ bxc6 11. Be3 Bg7 12. Bd4 Qa5 13. exd5 cxd5 14. 0-0 0-0 15. Re1 Qc7 16. Nb3 Bf5 17. Be5 Qa7 18. Nfd4 Bg4 19. Qd3 Rac8 20. c6 Ne4 21. Bxg7 Kxg7 22. f3 e5 23. fxe4 exd4 24. exd5 Rfd8 25. Re4 Bf5 26. Qxd4+ Qxd4+ 27. Rxd4 Bxc2 28. Rc1 Bxb3 29. axb3 Kf6 30. d6 Ke5 31. Rd2 f5 32. d7 Rc7 33. Re1+ 1-0